[Event "Geneve Cavaliers Fous op 8th"]
[Site "Geneve"]
[Date "2022.10.14"]
[Round "6"]
[White "Marcacci, Anthony"]
[Black "Belet, Yves"]
[Result "1-0"]
[WhiteElo "1814"]
[BlackElo "1514"]
[PlyCount "87"]
[EventDate "2022.09.02"]
[EventType "swiss"]
[EventRounds "7"]
[EventCountry "SUI"]
[SourceTitle "EXT 2024"]
[Source "ChessBase"]
[SourceDate "2023.10.10"]
[SourceVersion "1"]
[SourceVersionDate "2023.10.10"]
[SourceQuality "1"]

1. e4 Nc6 2. d4 d5 3. exd5 Qxd5 4. Nf3 Bg4 5. Be2 Nf6 6. Nc3 Qf5 7. h3 Bxf3 8. Bxf3 0-0-0 9. Bxc6 Qe6+ 10. Be3 Qxc6 11. 0-0 e5 12. Qd3 exd4 13. Bxd4 Be7 14. Nb5 Qd5 15. c4 Qd7 16. Nxa7+ Kb8 17. Nb5 Bc5 18. Rad1 Rhe8 19. Qb3 Bxd4 20. Rxd4 Qc6 21. Rfd1 Rxd4 22. Rxd4 Ne4 23. Qa3 Qb6 24. Qd3 Nd6 25. Nxd6 cxd6 26. Rxd6 Qxb2 27. Rd8+ Rxd8 28. Qxd8+ Ka7 29. Qa5+ Kb8 30. Qe1 f5 31. Qe8+ Ka7 32. Qe3+ Ka8 33. Qf4 Qxa2 34. Qxf5 Qa1+ 35. Kh2 Qf6 36. Qxf6 gxf6 37. Kg3 b6 38. Kf4 Kb7 39. Ke4 Kc6 40. Kd4 f5 41. g4 fxg4 42. hxg4 b5 43. cxb5+ Kxb5 44. Kd5 1-0

[Event "Geneve Cavaliers Fous op 8th"]
[Site "Geneve"]
[Date "2022.10.07"]
[Round "5"]
[White "Mebarek, Khalil"]
[Black "Marcacci, Anthony"]
[Result "1-0"]
[WhiteElo "1418"]
[BlackElo "1814"]
[PlyCount "51"]
[EventDate "2022.09.02"]
[EventType "swiss"]
[EventRounds "7"]
[EventCountry "SUI"]
[SourceTitle "EXT 2024"]
[Source "ChessBase"]
[SourceDate "2023.10.10"]
[SourceVersion "1"]
[SourceVersionDate "2023.10.10"]
[SourceQuality "1"]

1. d4 d5 2. Bf4 Nf6 3. e3 e6 4. Nd2 Bd6 5. Bg5 0-0 6. Ngf3 c5 7. c3 Nbd7 8. Bd3 Qc7 9. Qe2 a5 10. 0-0 Ng4 11. h3 Ngf6 12. dxc5 Bxc5 13. e4 h6 14. Bh4 g5 15. e5 Nh5 16. Bxg5 hxg5 17. Nxg5 Ng7 18. Qg4 Nxe5 19. Qh4 Rd8 20. Qh7+ Kf8 21. Qh8+ Ke7 22. Qxg7 Nxd3 23. Nxf7 Ke8 24. Qg8+ Kd7 25. Nxd8 Qxd8 26. Qh7+ 1-0